000 00645nam a2200205Ia 4500
003 GCL
008 140319s9999 xx 000 0 ara d
040 _aGCL /
_cGCL
082 0 4 _a219.3
_bع ا
100 1 _aعلى اومليل
245 1 0 _aالاصلاحية العربية والدولة الوطنية /
_cعلى اومليل
260 _a[S.N] :
_bالمركز الثقافى العربى ،
_c1985
300 _a215
490 _a
650 0 4 _aالاسلام
650 0 4 _aالفرق الاسلامية
650 0 4 _aالاسلام والوحدة العربية
650 0 4 _aالاسلام والسياسة
942 _2ddc
_cBK
999 _c31561
_d31561